Property development and progressive architecture (Record no. 103394)

MARC details
000 -LEADER
fixed length control field 02151cam a2200601 4500
008 - FIXED-LENGTH DATA ELEMENTS--GENERAL INFORMATION
fixed length control field 040317n2004 000 0 eng u
020 ## - INTERNATIONAL STANDARD BOOK NUMBER
International Standard Book Number 0470862149
035 ## - SYSTEM CONTROL NUMBER
System control number (Sirsi) u125461
041 ## - LANGUAGE CODE
Language code of text/sound track or separate title eng
050 ## - LIBRARY OF CONGRESS CALL NUMBER
Classification number 721
-- 21
100 ## - MAIN ENTRY--PERSONAL NAME
Personal name Sokol, D.
245 ## - TITLE STATEMENT
Title Property development and progressive architecture
Remainder of title the new alliance
260 ## - PUBLICATION, DISTRIBUTION, ETC.
Place of publication, distribution, etc. Chichester
Name of publisher, distributor, etc. Wiley
Date of publication, distribution, etc. 2004
300 ## - PHYSICAL DESCRIPTION
Extent 128p.
Other physical details ill.
Dimensions 30cm.
350 ## - PRICE (NR) (BK AM CF MU VM SE) [OBSOLETE]
Price 15.75
490 ## - SERIES STATEMENT
Series statement Architectural Design
Volume/sequential designation 74(1) January/February 2004
505 ## - FORMATTED CONTENTS NOTE
Formatted contents note Architecture in developer land
505 ## - FORMATTED CONTENTS NOTE
Formatted contents note Calculated risk
505 ## - FORMATTED CONTENTS NOTE
Formatted contents note Building design
505 ## - FORMATTED CONTENTS NOTE
Formatted contents note A tower of damnation
505 ## - FORMATTED CONTENTS NOTE
Formatted contents note Brit in the big city
505 ## - FORMATTED CONTENTS NOTE
Formatted contents note Risky business
505 ## - FORMATTED CONTENTS NOTE
Formatted contents note Calibrating the commercial potential: an interview with John Ritblat
505 ## - FORMATTED CONTENTS NOTE
Formatted contents note Reconciling the irreconcilable? The architecture of Ken Yeang
505 ## - FORMATTED CONTENTS NOTE
Formatted contents note A housing boom embraces high design
505 ## - FORMATTED CONTENTS NOTE
Formatted contents note Melbourne (low) rising
505 ## - FORMATTED CONTENTS NOTE
Formatted contents note Inter(nation)al
505 ## - FORMATTED CONTENTS NOTE
Formatted contents note Homes for China
505 ## - FORMATTED CONTENTS NOTE
Formatted contents note In the Kingdom of the Netherlands: a province of architecture
505 ## - FORMATTED CONTENTS NOTE
Formatted contents note How Swede is it?
520 ## - SUMMARY, ETC.
Summary, etc. This special issue of "Architectural Design" takes an international look at the progressive design projects architects and commercial property developers are achieving together. Cities featured include Amsterdam, Hong Kong, London, Malmo, Melbourne, Montreal, New York, Phoenix and Tokyo.
650 ## - SUBJECT ADDED ENTRY--TOPICAL TERM
Topical term or geographic name entry element ARCHITECTURE
650 ## - SUBJECT ADDED ENTRY--TOPICAL TERM
Topical term or geographic name entry element PROPERTY DEVELOPMENT
650 ## - SUBJECT ADDED ENTRY--TOPICAL TERM
Topical term or geographic name entry element BUILT ENVIRONMENT-CONSTRUCTION DESIGN
650 ## - SUBJECT ADDED ENTRY--TOPICAL TERM
Topical term or geographic name entry element COMMERCIAL BUILDINGS
650 ## - SUBJECT ADDED ENTRY--TOPICAL TERM
Topical term or geographic name entry element ARCHITECTURAL DESIGN
690 ## - LOCAL SUBJECT ADDED ENTRY--TOPICAL TERM (OCLC, RLIN)
Topical term or geographic name as entry element BUILT ENVIRONMENT-CONSTRUCTION DESIGN
700 ## - ADDED ENTRY--PERSONAL NAME
Personal name Sokol, David
International Standard Serial Number Editor
700 ## - ADDED ENTRY--PERSONAL NAME
Personal name Merkel, Jayne
700 ## - ADDED ENTRY--PERSONAL NAME
Personal name Moss, Sara
700 ## - ADDED ENTRY--PERSONAL NAME
Personal name Molloy, Aimee
700 ## - ADDED ENTRY--PERSONAL NAME
Personal name Jones, Eddie
700 ## - ADDED ENTRY--PERSONAL NAME
Personal name Melvin, Jeremy
700 ## - ADDED ENTRY--PERSONAL NAME
Personal name Castle, Helen
700 ## - ADDED ENTRY--PERSONAL NAME
Personal name Takahashi, Masaaki
700 ## - ADDED ENTRY--PERSONAL NAME
Personal name Van Schaik, Leon
700 ## - ADDED ENTRY--PERSONAL NAME
Personal name Varady, Stephen
700 ## - ADDED ENTRY--PERSONAL NAME
Personal name Gutierrez, Laurent
700 ## - ADDED ENTRY--PERSONAL NAME
Personal name Portefaix, Valerie
700 ## - ADDED ENTRY--PERSONAL NAME
Personal name Ibelings, Hans
700 ## - ADDED ENTRY--PERSONAL NAME
Personal name Amsellem, Patrick
942 ## - ADDED ENTRY ELEMENTS (KOHA)
Suppress in OPAC 0
Holdings
Withdrawn status Lost status Source of classification or shelving scheme Damaged status Not for loan Home library Current library Shelving location Date acquired Cost, normal purchase price Total Checkouts Full call number Barcode Date last seen Date last checked out Copy number Cost, replacement price Price effective from Koha item type
    Dewey Decimal Classification     London London Folio 25/03/2004 15.75 1 F721 SOK 30068818 06/08/2019 16/08/2007 1 15.75 06/08/2019 Book